000
00199nam a2200097Ia 4500
008
170619s9999 xx 000 0 und d
100
_a
DUGGAL S K
245
0
_a
SURVEYING
260
_b
t m h
260
_c
2009
546
_a
ENGLISH
999
_c
19086
_d
19086